[Event "ACT-ch reserve"]
[Site "Canberra"]
[Date "1999.10.20"]
[Round "9"]
[White "Mangazeev, Vladimir"]
[Black "Jovanovic, Peter"]
[Result "0-1"]
[WhiteElo "1507"]
[BlackElo "1650"]
[PlyCount "80"]
[EventDate "1999.08.??"]
[EventType "swiss"]
[EventRounds "9"]
[EventCountry "AUS"]
[SourceTitle "EXT 2001"]
[Source "ChessBase"]
[SourceDate "2000.11.22"]
[SourceVersion "1"]
[SourceVersionDate "2000.11.22"]
[SourceQuality "1"]

1. e4 c5 2. Nf3 d6 3. d4 cxd4 4. Nxd4 Nf6 5. Nc3 a6 6. f4 Qc7 7. Be2 e6 8. Bf3 Be7 9. 0-0 Nc6 10. Nxc6 bxc6 11. e5 Nd5 12. Nxd5 cxd5 13. c4 Qxc4 14. b3 Qc5+ 15. Kh1 0-0 16. Bb2 dxe5 17. fxe5 a5 18. Rc1 Qb6 19. Bd4 Qd8 20. Bc5 Bxc5 21. Rxc5 Ba6 22. Be2 Qb6 23. Rc2 Bxe2 24. Qxe2 Rac8 25. Rfc1 Qb7 26. Qd2 Rxc2 27. Qxc2 h6 28. Qc5 Qb4 29. Qxb4 axb4 30. Kg1 Ra8 31. Rc2 f6 32. exf6 gxf6 33. Kf2 Ra7 34. Rc8+ Kf7 35. Rb8 Rxa2+ 36. Kf3 e5 37. h3 Ke6 38. g4 e4+ 39. Kf4 Rf2+ 40. Kg3 Rf3+ 0-1

[Event "ACT-ch reserve"]
[Site "Canberra"]
[Date "1999.09.29"]
[Round "6"]
[White "Petersons, Haralds"]
[Black "Mangazeev, Vladimir"]
[Result "0-1"]
[WhiteElo "1747"]
[BlackElo "1507"]
[PlyCount "58"]
[EventDate "1999.08.??"]
[EventType "swiss"]
[EventRounds "9"]
[EventCountry "AUS"]
[SourceTitle "EXT 2001"]
[Source "ChessBase"]
[SourceDate "2000.11.22"]
[SourceVersion "1"]
[SourceVersionDate "2000.11.22"]
[SourceQuality "1"]

1. e4 c5 2. Nf3 Nc6 3. d4 cxd4 4. Nxd4 g6 5. c4 Bg7 6. Be3 Nf6 7. Nc3 Ng4 8. Qxg4 Nxd4 9. Qd1 Ne6 10. Rc1 Qa5 11. Bd3 b6 12. Bb1 Bb7 13. 0-0 Rc8 14. Qe2 g5 15. Nd5 Nf4 16. Nxf4 gxf4 17. Bxf4 h5 18. b3 d6 19. Rfe1 Rg8 20. g3 Bc3 21. Red1 h4 22. Bd2 Bxd2 23. Rxd2 Qg5 24. Re1 Rc5 25. Rd3 Re5 26. Re3 Qh6 27. Rf1 hxg3 28. fxg3 Bc8 29. Rf4 Qxf4 0-1